| 000 | 00399nam a22001457a 4500 | ||
|---|---|---|---|
| 082 |
_a610.3 _bTIS |
||
| 100 |
_aJOHN TISH _946704 |
||
| 245 |
_aEncyclopedia of home remedies. _bTISH JOHN. |
||
| 260 |
_aUSA. _bAmercian Pub Corp. _c1997. |
||
| 300 |
_ap440. _bill. |
||
| 526 |
_a0 _b0 _c0 _d610_300000000000000_TIS |
||
| 526 |
_a0 _b0 _c0 _d610_300000000000000_TIS |
||
| 650 |
_aMCE _9379 |
||
| 942 |
_2ddc _cBK |
||
| 999 |
_c549968 _d549968 |
||